Piosenki Edyty Górniak - nagła śmierć - Statystyki

Ogólne statystyki
  • Ten quiz został rozwiązany 102 razy
  • Średni wynik to 5 z 7
Answers on the Grid
Answers color-coded by a green-red scale on the quiz's grid according to % correct below.
To nie ja!
Dotyk
Nie daj się
Dumka na dwa serca
Nim zajdzie słońce
Jestem kobietą
Dziś Ci to Powiem
Pędzą konie
One and one
Ostatni raz zatańczysz ze mną
Z Tobą na chacie
Teraz tu
Wehikuł czasu
Nie proszę o więcej
Miód Malina
Nocy mało
 
Statystyki odpowiedzi
Odpowiedź % Poprawnych
To nie ja!
100%
Dumka na dwa serca
92%
Jestem kobietą
89%
Dotyk
80%
Nie proszę o więcej
75%
One and one
60%
Teraz tu
51%
Nie znaleziono quizów pasujących do podanych kryteriów
Rozkład punktacji
Procent ludzi z każdym wynikiem
Percentyl według liczby udzielonych odpowiedzi
Twoja historia wyników
Nie rozwiązałeś tego quizu